LEADER 01931nam a2200337 u 4500 001 000000028475 003 CaOOAMICUS 005 20071001094409.0 008 960709s1901 gw u000 u lat u 035 $a10736182 040 $aPUL$bita$dLDB 041 0 $alat$agrc 100 1 $aFunk, Franz Xaver,$csac.,$d1840-1907.$0(OLS)http://pul/name/12888 245 10$aPatres apostolici /$cTextum recensuit, adnotationibus criticis exegeticis historicis illustravit, versionem latinam prolegomena indices addidit, Franciscus Xaverius Funk. 260 $aTubingae :$bH. Laupp,$c1901. 300 $a2 v. ;$c23 cm 500 $aComprende indici 504 $aBibliografia in nota 505 0 $a1. Doctrina duodecim apostolorum. Epistulae Barnabae Clementis Romani Ignatii Polycarpi huiusque martyrium papie quadrati presbiterorum apud iranaeum fragmenta. Epistula ad Diognetum. Pastor Hermae. -- 2. Clementis romani epistulae de verginitate eiusdemque martyrium epistulaepseudoignatii Ignatii martyria fragmenta polycarpiana polycarpi vita. 546 $aTesto a fronte in greco, introduzione in latino. 650 4$aPadri apostolici.$0(OLS)http://pul/subject/4455 850 $aPUL 852 $aPUL$W1$xDP1 Fondo Maccarrone$y58$m1506 B 28-29$j39519$nBK-PRI$b $qFondi$B39519$CPULBib$Z2$F39519 $H $81 852 $aPUL$W1$xDP1 Fondo Maccarrone$y58$m1506 B 28-29$j39519$nBK-PRI$b $qFondi$B39520$CPULBib$Z2$F39520 $H $81 852 $aPUL$W1$xDP2 Religione 1$y63$m21 D 5$j121858$qStampati$q$av. 1, c. 2$B120846$CPULBib$Z2$F120846 $Hnull $81 941 1 $a1 941 1 $a8 961 $aINV: 01761-1760 -- Fondo Mons. M. Maccarrone 961 $aINV: 01761-1760 -- Fondo Mons. M. Maccarrone 996 $6245$aPatres apostolici$9(OLS)http://pul/title/29884 996 $6260$aTubingae :$bH. Laupp$9(OLS)http://pul/publisher/57089 LEADER 01901nam a2200373 a 4500 001 000000151708 003 CaOOAMICUS 005 20160513090939.0 008 160513s2016 it u000 u ita r 020 $a978-88-372-2928-3* 032 $aLibriCat 040 $aPUL$bita 082 04$a103 100 1 $aHerrmann, Friedrich-Wilhelm von,$b1934-2022.$0(OLS)http://pul/name/86483 245 10$aMartin Heidegger : $bla verità sui Quaderni neri /$cFriedrich-Wilhelm von Herrmann, Francesco Alfieri ; premessa di Arnulf Heidegger ; con uno scritto di Leonardo Messinese ; appendice di Claudia Gualdana. 260 $aBrescia :$bMorcelliana,$c©2016. 300 $a459 p. ;$c22 cm. 490 1 $aFilosofia. Testi e Studi ;$v72 504 $aBibliografia nelle note. 600 14$aHeidegger, Martin,$d1889-1976$xCritica e interpretazione.$0(OLS)http://pul/subject/4941 700 1 $aMessinese, Leonardo,$d1955-$0(OLS)http://pul/name/35125 700 1 $aAlfieri, Francesco,$cO.F.M.,$d1976-$0(OLS)http://pul/name/71244 700 1 $aGualdana, Claudia.$0(OLS)http://pul/name/96554 700 1 $aHeidegger, Arnulf.$0(OLS)http://pul/name/96553 830 0$aFilosofia (Morcelliana)$pTesti e Studi ;$v72.$0(OLS)http://pul/title/148210 850 $aPUL 852 $aPUL$W1$xSL Filosofia 3$y81$m103 COLL 12.1.72$j174338$qDDC 21$B176915$CPULBib$Z2$F176915 $H127698 $81 852 $aPUL$W1$xDP2 Filosofia 3$y112$m193 HEIMA 14$j181707$bseconda copia$qDDC 21$B184865$CPULBib$Z2$F184865 $H128891 $81 941 1 $a9 996 $6020$a978-88-372-2928-3*$9(OLS)http://pul/number/160372 996 $6082$a103$9(OLS)http://pul/classification/621 996 $6245$aMartin Heidegger : $bla verità sui Quaderni neri$9(OLS)http://pul/title/190999 996 $6260$aBrescia :$bMorcelliana$9(OLS)http://pul/publisher/47854